LEADER 01718cam1 2200457 450 001 990002903710203316 005 20160222100032.0 035 $a000290371 035 $aUSA01000290371 035 $a(ALEPH)000290371USA01 035 $a000290371 100 $a20070416g20069999km-y0itay50------ba 101 0 $aita 102 $aIT 105 $aa---||||001yy 200 1 $a<>arte del XX secolo 210 $aMilano$cSkira$d2006- 215 $avolumi$cill.$d29 cm 300 $aNell'occhietto: Protagonisti, movimenti e tematiche dell'arte dal 1900 ad oggi 463 \1$1001990002224720203316$12001 $a<<[4]:>> 1969-1999: neoavanguardie, postmoderno e arte globale 463 \1$1001990002903700203316$12001 $a<<[1]:>> 1900-1919: le avanguardie storiche 463 \1$1001990003008460203316$12001 $a<<[2]:>> 1920-1945: la cultura artistica tra le due guerre 463 \1$1001990003167460203316$12001 $a<<[3]:>> 1946-1968: la nascita dell'arte contemporanea 463 \1$1001990003446380203316$12001 $a<<[5]:>> 2000 e oltre: tendenze della contemporaneitą 540 1 $a<>arte del 20. secolo 606 0 $aArte$zSec. 20.$2BNCF 676 $a709.04 801 0$aIT$bsalbc$gISBD 912 $a990002903710203316 951 $aXII.2.C. 1466/$bL.M.$cXII.2. 959 $aBK 969 $aUMA 979 $aPAOLA$b90$c20070416$lUSA01$h1303 979 $aPAOLA$b90$c20070416$lUSA01$h1303 979 $aGIUSY$b90$c20081029$lUSA01$h1641 979 $aGIUSY$b90$c20081029$lUSA01$h1703 979 $aANNAMARIA$b90$c20160222$lUSA01$h0841 979 $aANNAMARIA$b90$c20160222$lUSA01$h0913 979 $aANNAMARIA$b90$c20160222$lUSA01$h1000 996 $aArte del XX secolo$91386880 997 $aUNISA LEADER 01038nam0-22003611i-450- 001 990006584330403321 005 20100609115106.0 035 $a000658433 035 $aFED01000658433 035 $a(Aleph)000658433FED01 035 $a000658433 100 $a20010426d--------km-y0itay50------ba 101 0 $aita 105 $ay-------001yy 200 1 $aStato e rivoluzione in Inghilterra$fdi Alessandro Piazzi, Mauro Segatori, Mario Tronti 210 $aMilano$cIl Saggiatore$d1977 215 $a329 p., 22 cm 225 1 $a<>spazio politico$v2 676 $a942.063$v19$zita 700 1$aPiazzi,$bAlessandro$0399165 702 1$aSegatori,$bMauro 702 1$aTronti,$bMario$f<1931- > 801 0$aIT$bUNINA$gRICA$2UNIMARC 901 $aBK 912 $a990006584330403321 952 $aCOLLEZ. 560 (2)$b12990$fFSPBC 952 $aDP VI-205$b6482$fDEC 952 $aTT 93$bs.i.$fDDCIC 959 $aFSPBC 959 $aDEC 959 $aDDCIC 996 $aStato e rivoluzione in Inghilterra$9591997 997 $aUNINA LEADER 01023cam0-22003131i-450- 001 990004749430403321 005 20160921123245.0 035 $a000474943 035 $aFED01000474943 035 $a(Aleph)000474943FED01 035 $a000474943 100 $a19990604d1862----km-y0itay50------ba 101 0 $aita 102 $aIT 105 $ac-------001yy 200 1 $a<>vite de' pił eccellenti pittori, scultori e architetti$esecondo le migliori stampe$fdi Giorgio Vasari 210 $aTrieste$cSezione letterario-artistico del Lloyd Austriaco$d1862 215 $a1275 p.$c1 ritr.$d28 cm 610 0 $aArtisti$aSec. 13.-16.$aBiografie 676 $a709.22$v22$zita 700 1$aVasari,$bGiorgio$f<1511-1574>$037469 801 0$aIT$bUNINA$gRICA$2UNIMARC 901 $aBK 912 $a990004749430403321 952 $aSG 700/C 22$bR. Bibl. 2968$fFLFBC 952 $aSG 700/C 22 BIS$b2968$fFLFBC 959 $aFLFBC 996 $aVite de' pił eccellenti pittori, scultori e architetti$9154300 997 $aUNINA